000 00446nam a2200169Ia 4500
003 GCL
008 140319s9999 xx 000 0 eng d
040 _aGCL /
_cGCL
082 0 4 _a741.6
_bS S
100 1 _aSIMS, MITZI
245 1 0 _aSIGN DESIGN: GRAPHICS MATERIALS,TECHNIQUES /
_cSIMS, MITZI
260 _a[S.N] :
_bTHAMES AND HUDSON ،
_c1991
300 _a176\P
650 0 4 _aSIGNING DESIGN
650 0 4 _aGRAPHIC - DESIGN
942 _2ddc
_cBK
999 _c12221
_d12221